1682 1776 1225 1042 1697 1408 1388 1546 1320 1952 1140 1245 1938 1752 1991 1798 1454 1803 1237 1920 1586 1344 1624 1287 1523 1756 1332 1552 1058 1472 1982 1721 1842 1115 1368 1012 1363 1928 1246 1932 1453 1432 1689 1056 1287 1796 1797 1705 1039 1718 1856 1360 1086 1206 1502 1101 1826 1741 1518 1261 1325 1074 1574 1761 1600 1020 1208 1675 1669 1628 1018 1125 1263 1358 1664 1587 1677 1110 1441 1864 1349 1496 1265 1853 1052 1103 1209 1916 1095 1254 1893 1749 1503 1821 1731 1984 1569 1637 1651 BCNSPRNW ULIB Ver.6.0+V

เปลี่ยนเป็นภาษาไทย

Change to English
 แสดงรายละเอียดบรรณานุกรม
  กลับหน้าหลัก

Brief Record : Get Marc (ISO 2709) : E-mail record : QR code < ปิดหน้าต่าง
LEADER : 00000nas 2200000uu 4500
001    13399127502
003     ULIB
008    200716s2563||||th 000 0 tha d
110 1  ^aบริษัท เมดิ เจอร์นัล จำกัด
245 00 ^aฟาร์มาไทม์/^cบริษัท เมดิ เจอร์นัล จำกัด
260    ^aกรุงเทพฯ :^bบริษัท เมดิ เจอร์นัล จำกัด^c2563
310    ^aรายสองเดือน
850 ^a ULIB^bฉบับที่ 141 ปีที่ 17 ฉ.1 ;ฉบับที่ 142 ปีที่ 17 ฉ.1 ;ฉบับที่ 143 ปีที่ 17 ฉ.1 ;ฉบับที่ 150 ปีที่ 17 ฉ.1 ;ฉบับที่ 151 ปีที่ 17 ฉ.1
856    ^aULIB^bปีที่ 17 ฉบับที่ 141 ฉ.1
945    ^p0^l0^i905546
945    ^p0^l0^i905547
945    ^p0^l0^i905559
945    ^p0^l0^i905833
945    ^p0^l0^i905834
999    ^aประนอม เกษจรัล
รายการนี้ยังไม่มีแท็ก
คุณยังไม่ได้ล็อกอิน คุณสามารถมีกิจกรรมร่วมกับเว็บไซต์ได้ แต่ต้องล็อกอินก่อน ::
  ล็อกอิน

รายการสื่อสารสนเทศ (วารสาร)

ดูแบบ: กล่อง รายการ
ARRIVED
ฉบับที่ 141 ปีที่ 17 ฉ.1
สถานที่: ห้องสมุดวิทยาเขตสวรรค์ประชารักษ์ >วารสาร
ARRIVED
ฉบับที่ 142 ปีที่ 17 ฉ.1
สถานที่: ห้องสมุดวิทยาเขตสวรรค์ประชารักษ์ >วารสาร
ARRIVED
ฉบับที่ 143 ปีที่ 17 ฉ.1
สถานที่: ห้องสมุดวิทยาเขตสวรรค์ประชารักษ์ >วารสาร
ARRIVED
ฉบับที่ 150 ปีที่ 17 ฉ.1
สถานที่: ห้องสมุดวิทยาเขตสวรรค์ประชารักษ์ >วารสาร
ARRIVED
ฉบับที่ 151 ปีที่ 17 ฉ.1
สถานที่: ห้องสมุดวิทยาเขตสวรรค์ประชารักษ์ >วารสาร

BibComment


ยังไม่เคยถูกคอมเมนท์

คอมเมนท์ทรัพยากรรายการนี้
  คอมเมนท์: ฟาร์มาไทม์ บริษั..


 Copyright 2026. Bcnsprnw @Library